| 000 | 00437nam a2200169Ia 4500 | ||
|---|---|---|---|
| 005 | 20260429111849.0 | ||
| 008 | 260429s9999||||xx |||||||||||||| ||und|| | ||
| 020 | _a9788119662845 | ||
| 041 | _aEnglish | ||
| 082 |
_a519.5 _bMOH |
||
| 100 | _aMohna, N. | ||
| 245 | 0 |
_aStatistics for engineers and scientists / _cN. Mohna |
|
| 260 |
_aNew Delhi : _bAne Books, _c2025. |
||
| 300 | _ax, 168 p.; hb | ||
| 650 | _aStatistics | ||
| 942 | _cTB | ||
| 999 |
_c51189 _d51189 |
||